{"text_format":"3","workbook":"xlsx","n_sheets":1,"sheets":["Worksheet"],"read":"whole","date_system":"1900"}

{"sheet":"Worksheet","index":0,"n_rows":60,"n_cols":20,"rows_kept":60}
["№","Код участника","Название ОУ","СНИЛС","Фамилия","Имя","Отчество","Пол","Дата рождения","Участник с ОВЗ","Класс","Класс участия","Балл","Макс. балл","Статус","Призер МЭ прошлого года","Учитель","Место работы учителя","Направления и виды практик по технологии","Предмет"]
[597029,"301019_16944644208_27","МБОУ \"СОШ № 4 ЗМР РТ\"",16944644208,"Зиннатуллин","Адель","Артемович","м","15.11.2011",null,5,5,19,25,"победитель",null,"Дедина Марина Геннадьевна","МБОУ \"СОШ № 4 ЗМР РТ\"",null,"Биология"]
[597030,"301019_19335323392_27","МБОУ \"СОШ № 4 ЗМР РТ\"",19335323392,"Оленев","Роман","Павлович","м","29.04.2012",null,5,5,19,25,"призер",null,"Дедина Марина Геннадьевна","МБОУ \"СОШ № 4 ЗМР РТ\"",null,"Биология"]
[597031,"301019_17158457086_27","МБОУ \"СОШ № 4 ЗМР РТ\"",17158457086,"Спринский","Александр","Павлович","м","09.04.2012",null,5,5,18,25,"призер",null,"Дедина Марина Геннадьевна","МБОУ \"СОШ № 4 ЗМР РТ\"",null,"Биология"]
[597032,"301019_17097302675_27","МБОУ \"СОШ № 4 ЗМР РТ\"",17097302675,"Ершова","Виктория","Евгеньевна","ж","26.02.2012",null,5,5,17,25,"призер",null,"Дедина Марина Геннадьевна","МБОУ \"СОШ № 4 ЗМР РТ\"",null,"Биология"]
[597033,"301019_17240412328_27","МБОУ \"СОШ № 4 ЗМР РТ\"",17240412328,"Биктимирова","Регина","Рамилевна","ж","08.06.2012",null,5,5,17,25,"призер",null,"Дедина Марина Геннадьевна","МБОУ \"СОШ № 4 ЗМР РТ\"",null,"Биология"]
[597034,"301019_17166308671_27","МБОУ \"СОШ № 4 ЗМР РТ\"",17166308671,"Гуров","Ярослав","Станиславович","м","16.04.2012",null,5,5,16,25,"призер",null,"Дедина Марина Геннадьевна","МБОУ \"СОШ № 4 ЗМР РТ\"",null,"Биология"]
[597035,"301019_00000000001_27","МБОУ \"СОШ № 4 ЗМР РТ\"","00000000001","Гусев","Кирилл","Николаевич","м","24.05.2012",null,5,5,15,25,"призер",null,"Дедина Марина Геннадьевна","МБОУ \"СОШ № 4 ЗМР РТ\"",null,"Биология"]
[597036,"301019_17034647355_27","МБОУ \"СОШ № 4 ЗМР РТ\"",17034647355,"Скворцов","Богдан","Дмитриевич","м","27.01.2012",null,5,5,15,25,"призер",null,"Дедина Марина Геннадьевна","МБОУ \"СОШ № 4 ЗМР РТ\"",null,"Биология"]
[597037,"301019_17158456084_27","МБОУ \"СОШ № 4 ЗМР РТ\"",17158456084,"Холодова","Александра","Андреевна","ж","12.04.2012",null,5,5,15,25,"призер",null,"Дедина Марина Геннадьевна","МБОУ \"СОШ № 4 ЗМР РТ\"",null,"Биология"]
[597038,"301019_16944647416_27","МБОУ \"СОШ № 4 ЗМР РТ\"",16944647416,"Конышев","Георгий","Владимирович","м","05.12.2011",null,5,5,15,25,"призер",null,"Дедина Марина Геннадьевна","МБОУ \"СОШ № 4 ЗМР РТ\"",null,"Биология"]
[597039,"301019_20868560390_27","МБОУ \"СОШ № 4 ЗМР РТ\"",20868560390,"Кравченко","София","Алексеевна","ж","12.11.2011",null,5,5,14,25,"призер",null,"Дедина Марина Геннадьевна","МБОУ \"СОШ № 4 ЗМР РТ\"",null,"Биология"]
[597040,"301019_17119503654_27","МБОУ \"СОШ № 4 ЗМР РТ\"",17119503654,"Яшагин","Георгий","Романович","м","13.03.2012",null,5,5,14,25,"призер",null,"Дедина Марина Геннадьевна","МБОУ \"СОШ № 4 ЗМР РТ\"",null,"Биология"]
[597041,"301019_16944644915_27","МБОУ \"СОШ № 4 ЗМР РТ\"",16944644915,"Миронов","Арсений","Сергеевич","м","19.11.2011",null,5,5,13,25,"призер",null,"Дедина Марина Геннадьевна","МБОУ \"СОШ № 4 ЗМР РТ\"",null,"Биология"]
[597042,"301019_17367466001_27","МБОУ \"СОШ № 4 ЗМР РТ\"",17367466001,"Рахматуллина","Елизавета","Александровна","ж","09.05.2012",null,5,5,13,25,"призер",null,"Дедина Марина Геннадьевна","МБОУ \"СОШ № 4 ЗМР РТ\"",null,"Биология"]
[597043,"301019_17076026660_27","МБОУ \"СОШ № 4 ЗМР РТ\"",17076026660,"Парамонова","Виктория","Артемовна","ж","19.01.2012",null,5,5,13,25,"призер",null,"Дедина Марина Геннадьевна","МБОУ \"СОШ № 4 ЗМР РТ\"",null,"Биология"]
[597044,"301019_17179648514_27","МБОУ \"СОШ № 4 ЗМР РТ\"",17179648514,"Лещев","Максим","Александрович","м","23.04.2012",null,5,5,12,25,"участник",null,"Дедина Марина Геннадьевна","МБОУ \"СОШ № 4 ЗМР РТ\"",null,"Биология"]
[597045,"301019_17353004442_27","МБОУ \"СОШ № 4 ЗМР РТ\"",17353004442,"Коротков","Кирилл","Денисович","м","06.09.2012",null,5,5,12,25,"участник",null,"Дедина Марина Геннадьевна","МБОУ \"СОШ № 4 ЗМР РТ\"",null,"Биология"]
[597046,"301019_17158454989_27","МБОУ \"СОШ № 4 ЗМР РТ\"",17158454989,"Зарипов","Артур","Альбертович","м","06.04.2012",null,5,5,11,25,"участник",null,"Дедина Марина Геннадьевна","МБОУ \"СОШ № 4 ЗМР РТ\"",null,"Биология"]
[597047,"301019_17228202547_27","МБОУ \"СОШ № 4 ЗМР РТ\"",17228202547,"Иванова","Милана","Владиславовна","ж","27.04.2012",null,5,5,11,25,"участник",null,"Дедина Марина Геннадьевна","МБОУ \"СОШ № 4 ЗМР РТ\"",null,"Биология"]
[597048,"301019_00000000000_27","МБОУ \"СОШ № 4 ЗМР РТ\"","00000000000","Фомин","Вячеслав","Андреевич","м","04.09.2012",null,5,5,11,25,"участник",null,"Дедина Марина Геннадьевна","МБОУ \"СОШ № 4 ЗМР РТ\"",null,"Биология"]
[597049,"301019_17368337400_27","МБОУ \"СОШ № 4 ЗМР РТ\"",17368337400,"Панкова","Виктория","Викторовна","ж","10.09.2012",null,5,5,10,25,"участник",null,"Дедина Марина Геннадьевна","МБОУ \"СОШ № 4 ЗМР РТ\"",null,"Биология"]
[597050,"301019_17240382143_27","МБОУ \"СОШ № 4 ЗМР РТ\"",17240382143,"Валиуллин","Дмитрий","Ленарович","м","06.05.2012",null,5,5,10,25,"участник",null,"Дедина Марина Геннадьевна","МБОУ \"СОШ № 4 ЗМР РТ\"",null,"Биология"]
[597051,"301019_16304045221_27","МБОУ \"СОШ № 4 ЗМР РТ\"",16304045221,"Гизатуллин","Айдар","Ильнурович","м","11.07.2010",null,6,6,21,25,"победитель",null,"Любина Светлана Борисовна","МБОУ \"СОШ № 4 ЗМР РТ\"",null,"Биология"]
[597052,"301019_16462580680_27","МБОУ \"СОШ № 4 ЗМР РТ\"",16462580680,"Лабудин","Родион","Олегович","м","21.03.2011",null,6,6,19,25,"призер",null,"Дедина Марина Геннадьевна","МБОУ \"СОШ № 4 ЗМР РТ\"",null,"Биология"]
[597053,"301019_17793301702_27","МБОУ \"СОШ № 4 ЗМР РТ\"",17793301702,"Сафин","Самир","Рафаэлевич","м","21.02.2011",null,6,6,17,25,"призер",null,"Любина Светлана Борисовна","МБОУ \"СОШ № 4 ЗМР РТ\"",null,"Биология"]
[597054,"301019_16238743781_27","МБОУ \"СОШ № 4 ЗМР РТ\"",16238743781,"Биктимирова","Раниля","Рамилевна","ж","28.09.2010",null,6,6,17,25,"призер",null,"Любина Светлана Борисовна","МБОУ \"СОШ № 4 ЗМР РТ\"",null,"Биология"]
[597055,"301019_16994169032_27","МБОУ \"СОШ № 4 ЗМР РТ\"",16994169032,"Афанасьев","Ярослав","Денисович","м","21.12.2011",null,6,6,13,25,"призер",null,"Любина Светлана Борисовна","МБОУ \"СОШ № 4 ЗМР РТ\"",null,"Биология"]
[597056,"301019_16262573366_27","МБОУ \"СОШ № 4 ЗМР РТ\"",16262573366,"Шарафиева","Камиля","Рамилевна","ж","22.10.2010",null,6,6,13,25,"призер",null,"Дедина Марина Геннадьевна","МБОУ \"СОШ № 4 ЗМР РТ\"",null,"Биология"]
[597057,"301019_16490846195_27","МБОУ \"СОШ № 4 ЗМР РТ\"",16490846195,"Джаббаров","Нурислам","Адамович","м","30.12.2010",null,6,6,12,25,"призер",null,"Любина Светлана Борисовна","МБОУ \"СОШ № 4 ЗМР РТ\"",null,"Биология"]
[597058,"301019_16853618706_27","МБОУ \"СОШ № 4 ЗМР РТ\"",16853618706,"Карасев","Андрей","Александрович","м","13.07.2011",null,6,6,12,25,"призер",null,"Дедина Марина Геннадьевна","МБОУ \"СОШ № 4 ЗМР РТ\"",null,"Биология"]
[597059,"301019_16605155961_27","МБОУ \"СОШ № 4 ЗМР РТ\"",16605155961,"Раскатов","Андрей","Павлович","м","15.05.2011",null,6,6,10,25,"участник",null,"Любина Светлана Борисовна","МБОУ \"СОШ № 4 ЗМР РТ\"",null,"Биология"]
[597060,"301019_17053448356_27","МБОУ \"СОШ № 4 ЗМР РТ\"",17053448356,"Шарагин","Никита","Ильич","м","10.03.2011",null,6,6,10,25,"участник",null,"Любина Светлана Борисовна","МБОУ \"СОШ № 4 ЗМР РТ\"",null,"Биология"]
[597061,"301019_16821820471_27","МБОУ \"СОШ № 4 ЗМР РТ\"",16821820471,"Ларюхин","Богдан","Романович","м","07.09.2011",null,6,6,10,25,"участник",null,"Дедина Марина Геннадьевна","МБОУ \"СОШ № 4 ЗМР РТ\"",null,"Биология"]
[597062,"301019_16714646382_27","МБОУ \"СОШ № 4 ЗМР РТ\"",16714646382,"Балакирева","Ирина","Алексеевна","ж","06.08.2010",null,7,7,20,30,"победитель",null,"Дедина Марина Геннадьевна","МБОУ \"СОШ № 4 ЗМР РТ\"",null,"Биология"]
[597063,"301019_15671933088_27","МБОУ \"СОШ № 4 ЗМР РТ\"",15671933088,"Мокеев","Тимур","Евгеньевич","м","18.11.2009",null,7,7,19,30,"призер",null,"Дедина Марина Геннадьевна","МБОУ \"СОШ № 4 ЗМР РТ\"",null,"Биология"]
[597064,"301019_15436215146_27","МБОУ \"СОШ № 4 ЗМР РТ\"",15436215146,"Бикчентаева","Алина","Ниязовна","ж","05.11.2008",null,8,8,27,33,"победитель",null,"Дедина Марина Геннадьевна","МБОУ \"СОШ № 4 ЗМР РТ\"",null,"Биология"]
[597065,"301019_15848449619_27","МБОУ \"СОШ № 4 ЗМР РТ\"",15848449619,"Дерябин","Данил","Олегович","м","24.10.2009",null,8,8,25,33,"призер",null,"Дедина Марина Геннадьевна","МБОУ \"СОШ № 4 ЗМР РТ\"",null,"Биология"]
[597066,"301019_16898283750_27","МБОУ \"СОШ № 4 ЗМР РТ\"",16898283750,"Яруллина","Диляра","Ринатовна","ж","13.07.2009",null,8,8,24,33,"призер",null,"Дедина Марина Геннадьевна","МБОУ \"СОШ № 4 ЗМР РТ\"",null,"Биология"]
[597067,"301019_15801413943_27","МБОУ \"СОШ № 4 ЗМР РТ\"",15801413943,"Шорина","Алена","Дмитриевна","ж","01.09.2009",null,8,8,24,33,"призер",null,"Дедина Марина Геннадьевна","МБОУ \"СОШ № 4 ЗМР РТ\"",null,"Биология"]
[597068,"301019_16178417580_27","МБОУ \"СОШ № 4 ЗМР РТ\"",16178417580,"Юсупов","Адель","Русланович","м","04.02.2010",null,8,8,10,33,"участник",null,"Дедина Марина Геннадьевна","МБОУ \"СОШ № 4 ЗМР РТ\"",null,"Биология"]
[597069,"301019_15212150603_27","МБОУ \"СОШ № 4 ЗМР РТ\"",15212150603,"Устинова","Ксения","Игоревна","ж","18.08.2008",null,9,9,37,57,"победитель",null,"Дедина Марина Геннадьевна","МБОУ \"СОШ № 4 ЗМР РТ\"",null,"Биология"]
[597070,"301019_15544690583_27","МБОУ \"СОШ № 4 ЗМР РТ\"",15544690583,"Хамитов","Салават","Динарович","м","19.02.2008",null,9,9,31,57,"призер",null,"Дедина Марина Геннадьевна","МБОУ \"СОШ № 4 ЗМР РТ\"",null,"Биология"]
[597071,"301019_17210690237_27","МБОУ \"СОШ № 4 ЗМР РТ\"",17210690237,"Васильев","Роман","Сергеевич","м","12.02.2008",null,9,9,31,57,"призер",null,"Дедина Марина Геннадьевна","МБОУ \"СОШ № 4 ЗМР РТ\"",null,"Биология"]
[597072,"301019_17139859503_27","МБОУ \"СОШ № 4 ЗМР РТ\"",17139859503,"Родионов","Никита","Валерьянович","м","20.03.2008",null,9,9,30,57,"призер",null,"Дедина Марина Геннадьевна","МБОУ \"СОШ № 4 ЗМР РТ\"",null,"Биология"]
[597073,"301019_16260701541_27","МБОУ \"СОШ № 4 ЗМР РТ\"",16260701541,"Вольф","Александра","Владимировна","ж","14.09.2008",null,9,9,24,57,"участник",null,"Дедина Марина Геннадьевна","МБОУ \"СОШ № 4 ЗМР РТ\"",null,"Биология"]
[597074,"301019_17144103833_27","МБОУ \"СОШ № 4 ЗМР РТ\"",17144103833,"Коклихин","Иван","Артемович","м","22.08.2008",null,9,9,20,57,"участник",null,"Дедина Марина Геннадьевна","МБОУ \"СОШ № 4 ЗМР РТ\"",null,"Биология"]
[597075,"301019_15987869869_27","МБОУ \"СОШ № 4 ЗМР РТ\"",15987869869,"Володина","Алина","Рустемовна","ж","01.04.2008",null,9,9,13,57,"участник",null,"Дедина Марина Геннадьевна","МБОУ \"СОШ № 4 ЗМР РТ\"",null,"Биология"]
[597076,"301019_15832362672_27","МБОУ \"СОШ № 4 ЗМР РТ\"",15832362672,"Хасанова","Сабина","Ильшатовна","ж","23.10.2008",null,9,9,11,57,"участник",null,"Дедина Марина Геннадьевна","МБОУ \"СОШ № 4 ЗМР РТ\"",null,"Биология"]
[597077,"301019_15977112100_27","МБОУ \"СОШ № 4 ЗМР РТ\"",15977112100,"Хайруллина","Камилла","Маратовна","ж","13.10.2006",null,10,10,46,64,"победитель","Да","Любина Светлана Борисовна","МБОУ \"СОШ № 4 ЗМР РТ\"",null,"Биология"]
[597078,"301019_15977110600_27","МБОУ \"СОШ № 4 ЗМР РТ\"",15977110600,"Туганова","Анастасия","Александровна","ж","21.08.2007",null,10,10,38,64,"призер",null,"Любина Светлана Борисовна","МБОУ \"СОШ № 4 ЗМР РТ\"",null,"Биология"]
[597079,"301019_15987877161_27","МБОУ \"СОШ № 4 ЗМР РТ\"",15987877161,"Любина","Анастасия","Дмитриевна","ж","08.10.2007",null,10,10,34,64,"призер",null,"Любина Светлана Борисовна","МБОУ \"СОШ № 4 ЗМР РТ\"",null,"Биология"]
[597080,"301019_15968754239_27","МБОУ \"СОШ № 4 ЗМР РТ\"",15968754239,"Боровкова","Виктория","Евгеньевна","ж","10.08.2007",null,10,10,24,64,"участник",null,"Любина Светлана Борисовна","МБОУ \"СОШ № 4 ЗМР РТ\"",null,"Биология"]
[597081,"301019_15575650079_27","МБОУ \"СОШ № 4 ЗМР РТ\"",15575650079,"Козлова","Ангелина","Сергеевна","ж","20.11.2007",null,10,10,18,64,"участник",null,"Любина Светлана Борисовна","МБОУ \"СОШ № 4 ЗМР РТ\"",null,"Биология"]
[597082,"301019_16041800219_27","МБОУ \"СОШ № 4 ЗМР РТ\"",16041800219,"Горланова","Анастасия","Денисовна","ж","26.12.2005",null,11,11,36,71,"победитель",null,"Любина Светлана Борисовна","МБОУ \"СОШ № 4 ЗМР РТ\"",null,"Биология"]
[597083,"301019_16850786510_27","МБОУ \"СОШ № 4 ЗМР РТ\"",16850786510,"Шугинин","Михаил","Юрьевич","м","12.09.2006",null,11,11,34,71,"призер",null,"Любина Светлана Борисовна","МБОУ \"СОШ № 4 ЗМР РТ\"",null,"Биология"]
[597084,"301019_15986112605_27","МБОУ \"СОШ № 4 ЗМР РТ\"",15986112605,"Галиахметов","Камиль","Маратович","м","04.06.2006",null,11,11,31,71,"призер",null,"Любина Светлана Борисовна","МБОУ \"СОШ № 4 ЗМР РТ\"",null,"Биология"]
[597085,"301019_15986122103_27","МБОУ \"СОШ № 4 ЗМР РТ\"",15986122103,"Матвеев","Артем","Юрьевич","м","29.06.2006",null,11,11,23,71,"участник",null,"Любина Светлана Борисовна","МБОУ \"СОШ № 4 ЗМР РТ\"",null,"Биология"]
[597086,"301019_18848819448_27","МБОУ \"СОШ № 4 ЗМР РТ\"",18848819448,"Навдаева","Ольга","Витальевна","ж","04.12.2006",null,11,11,20,71,"участник",null,"Любина Светлана Борисовна","МБОУ \"СОШ № 4 ЗМР РТ\"",null,"Биология"]
[597087,"301019_15986115308_27","МБОУ \"СОШ № 4 ЗМР РТ\"",15986115308,"Данилова","Милана","Владимировна","ж","20.11.2005",null,11,11,17,71,"участник",null,"Любина Светлана Борисовна","МБОУ \"СОШ № 4 ЗМР РТ\"",null,"Биология"]